| 000 | 00993cab a2200181 4500 | ||
|---|---|---|---|
| 001 | ##L132908 | ||
| 008 | 060322n2006 000 0 eng u | ||
| 035 | _a(Sirsi) u132908 | ||
| 041 | 0 | _aeng | |
| 100 | 1 | _aAlderson, Ann | |
| 245 | 0 | 0 | _aExplaining the offsite rule |
| 260 | _c2006 | ||
| 490 | 0 |
_aRICS Building Surveying Faculty The Journal _vMarch / April 2006, 14(1) |
|
| 520 | _aLooks at the Offsite Project Toolkit, which has been developed to help designers and their clients maximise the benefits of offsite construction. It consists of an interactive CD divided into three modules, the first of which provides a methodology for identifying and ranking six key project drivers, the second introduces the concept of offsite construction and includes illustrated summary case studies, whilst the third offers two different methods for assessing results. | ||
| 590 | _aIKA280306 | ||
| 690 | _aBUILT ENVIRONMENT-CONSTRUCTION MANAGEMENT-CONSTRUCTION DESIGN AND MANAGEMENT | ||
| 942 | _n0 | ||
| 999 |
_c76685 _d76685 |
||